<?xml version="1.0" encoding="UTF-8"?><?xml-stylesheet type="text/xsl" href="static/style.xsl"?><OAI-PMH xmlns="http://www.openarchives.org/OAI/2.0/" xmlns:xsi="http://www.w3.org/2001/XMLSchema-instance" xsi:schemaLocation="http://www.openarchives.org/OAI/2.0/ http://www.openarchives.org/OAI/2.0/OAI-PMH.xsd"><responseDate>2026-04-19T06:28:06Z</responseDate><request verb="GetRecord" identifier="oai:riubu.ubu.es:10259/4592" metadataPrefix="marc">https://riubu.ubu.es/oai/request</request><GetRecord><record><header><identifier>oai:riubu.ubu.es:10259/4592</identifier><datestamp>2022-04-29T12:02:48Z</datestamp><setSpec>com_10259.4_2560</setSpec><setSpec>com_10259_5086</setSpec><setSpec>com_10259_2604</setSpec><setSpec>col_10259.4_2561</setSpec></header><metadata><record xmlns="http://www.loc.gov/MARC21/slim" xmlns:doc="http://www.lyncode.com/xoai" xmlns:xsi="http://www.w3.org/2001/XMLSchema-instance" xmlns:dcterms="http://purl.org/dc/terms/" xsi:schemaLocation="http://www.loc.gov/MARC21/slim http://www.loc.gov/standards/marcxml/schema/MARC21slim.xsd">
<leader>00925njm 22002777a 4500</leader>
<datafield tag="042" ind1=" " ind2=" ">
<subfield code="a">dc</subfield>
</datafield>
<datafield tag="720" ind1=" " ind2=" ">
<subfield code="a">Vergés, Josep Maria .</subfield>
<subfield code="e">author</subfield>
</datafield>
<datafield tag="720" ind1=" " ind2=" ">
<subfield code="a">Burguet-Coca, Aitor .</subfield>
<subfield code="e">author</subfield>
</datafield>
<datafield tag="720" ind1=" " ind2=" ">
<subfield code="a">Allué, Ethel</subfield>
<subfield code="e">author</subfield>
</datafield>
<datafield tag="720" ind1=" " ind2=" ">
<subfield code="a">Expósito, Isabel .</subfield>
<subfield code="e">author</subfield>
</datafield>
<datafield tag="720" ind1=" " ind2=" ">
<subfield code="a">Guardiola, Miquel .</subfield>
<subfield code="e">author</subfield>
</datafield>
<datafield tag="720" ind1=" " ind2=" ">
<subfield code="a">Martín, Patricia .</subfield>
<subfield code="e">author</subfield>
</datafield>
<datafield tag="720" ind1=" " ind2=" ">
<subfield code="a">Morales, Juan Ignacio .</subfield>
<subfield code="e">author</subfield>
</datafield>
<datafield tag="720" ind1=" " ind2=" ">
<subfield code="a">Burjachs, Francesc .</subfield>
<subfield code="e">author</subfield>
</datafield>
<datafield tag="720" ind1=" " ind2=" ">
<subfield code="a">Cabanes, Dan .</subfield>
<subfield code="e">author</subfield>
</datafield>
<datafield tag="720" ind1=" " ind2=" ">
<subfield code="a">Carrancho Alonso, Ángel</subfield>
<subfield code="e">author</subfield>
</datafield>
<datafield tag="720" ind1=" " ind2=" ">
<subfield code="a">Vallverdú, Josep</subfield>
<subfield code="e">author</subfield>
</datafield>
<datafield tag="260" ind1=" " ind2=" ">
<subfield code="c">2016-09</subfield>
</datafield>
<datafield tag="520" ind1=" " ind2=" ">
<subfield code="a">The research for referential data on current livestock contexts is essential for correctly interpreting archaeological records documented in prehistoric livestock spaces. Experimental programmes such as the one begun in 2014 in the Mas del Pepet pen (Rojals, Tarragona) has permitted an understanding, among other matters, of fold characteristics according to the type of livestock, the seasonality of occupations and herd management. This study also contributes to the identification of taphonomic processes that have taken place and to determine the representativeness of the botanical content in the deposit, in relation to the environment and pasture areas. Finally, the dung burning experiments conducted have provided data that will help to reveal the way manure was treated in prehistoric fold caves.</subfield>
</datafield>
<datafield tag="024" ind2=" " ind1="8">
<subfield code="a">1040-6182</subfield>
</datafield>
<datafield tag="024" ind2=" " ind1="8">
<subfield code="a">http://hdl.handle.net/10259/4592</subfield>
</datafield>
<datafield tag="024" ind2=" " ind1="8">
<subfield code="a">10.1016/j.quaint.2016.01.032</subfield>
</datafield>
<datafield ind1=" " ind2=" " tag="653">
<subfield code="a">Experimental archaeology</subfield>
</datafield>
<datafield ind1=" " ind2=" " tag="653">
<subfield code="a">Prehistory</subfield>
</datafield>
<datafield ind1=" " ind2=" " tag="653">
<subfield code="a">Pastoralism</subfield>
</datafield>
<datafield ind1=" " ind2=" " tag="653">
<subfield code="a">Fumier</subfield>
</datafield>
<datafield ind1=" " ind2=" " tag="653">
<subfield code="a">Dung burning</subfield>
</datafield>
<datafield ind1=" " ind2=" " tag="653">
<subfield code="a">Grottes-bergeries</subfield>
</datafield>
<datafield tag="245" ind1="0" ind2="0">
<subfield code="a">The Mas del Pepet experimental programme for the study of prehistoric livestock practices: Preliminary data from dung burning</subfield>
</datafield>
</record></metadata></record></GetRecord></OAI-PMH>